| 000 | 01081nam a22002657a 4500 | ||
|---|---|---|---|
| 999 |
_c2900 _d2900 |
||
| 003 | AR-CdUCM | ||
| 008 | 190305b ||||| |||| 00| 0 spa d | ||
| 020 | _a84-206-1467-X | ||
| 040 |
_aMUNICIPALIDAD PROVINCIAL DEL CUSCO _cBIBLIOTECA MUNICIPAL DEL CUSCO |
||
| 041 | _halb | ||
| 082 |
_25 ed. _a123.9 / _bN56 |
||
| 100 |
_aNietzsche, Friedrich Wilhelm _99983 |
||
| 245 | _aCrepúsculo de los ídolos o cómo se filosofa con el martillo / | ||
| 260 |
_aMadrid : _bAlianza Editorial, _c1981. |
||
| 300 |
_a173 páginas ; _c18 m. |
||
| 440 |
_aEl libro de bolsillo _nHumanidades 467 _99984 |
||
| 500 | _aTitulo original: Götzen-Dämmerung ader wie man mit dem Hammerphilosophirt | ||
| 505 | _aContenido: El problema de Sócrates -- La <<razón>> en la filosofía -- La moral como contranaturleza -- Los cuatro grandes errores -- Los <<mejoradores>> de la humanidad ... | ||
| 650 |
_aFilosofía _9395 |
||
| 650 |
_aSócrates _99985 |
||
| 650 |
_aEnsayos Filosóficos _96877 |
||
| 700 |
_aSánchez Pascual, Andrés (Traductor) _99986 |
||
| 942 |
_2ddc _cLIBROS |
||
| 945 | _araen | ||